| 000 | 00970nam a22003011i 4500 | ||
|---|---|---|---|
| 001 | 000005965 | ||
| 003 | DO-SdBNP | ||
| 005 | 20241203073452.0 | ||
| 007 | ta | ||
| 008 | 790523s1974 dr ah b 000 0 spa | ||
| 010 | _a75573567 | ||
| 040 |
_aDO-SdBNP _bspa _cBNPHU _erda |
||
| 041 | _hspa | ||
| 082 | 0 | 0 |
_axxx _bB276a _222 |
| 100 | 2 |
_aBarrios Roman, Angel de. _eautor _916809 |
|
| 245 | 1 | 0 |
_aAntropologia socioeconomica en el Caribe : _bPuerto Rico-Mayaguez, 1840-75 / _cAngel de Barrios Roman. |
| 264 |
_aSanto Domingo : _bC. Quisqueyana, _c1974 |
||
| 300 |
_a369 páginas : _bilustraciones facsimil, ; _c21 cm. |
||
| 336 |
_ardacontent _btexto _2txt |
||
| 337 |
_ardamedia _bsin mediación _2n |
||
| 338 |
_ardacarrier _bvolumen _2nc |
||
| 504 | _aBibliography: páginas 367-369. | ||
| 590 | _aInventariado, 2024/DG | ||
| 651 | 0 |
_aPuerto Rico _xEconomic Conditions. _916810 |
|
| 651 | 0 |
_aPuerto Rico _xSocial Conditions. _916811 |
|
| 910 | _aDG | ||
| 942 |
_2ddc _cLBS1 |
||
| 999 |
_c5761 _d5761 |
||